000 00587nam a2200181Ia 4500
008 090124s9999 xx 000 0 und d
082 _b14524
_a1723
100 _aकिणीकर रॉय
245 _a अेकदांच अशी रात्र येते
250 _a1
260 _c1965
300 _a164
600 _aकिणीकर रॉय
630 _a अेकदांच अशी रात्र येते
700 _aकिणीकर रॉय
730 _a अेकदांच अशी रात्र येते
942 _cBOOK
999 _c128464
_d128464